00938 a2200181 45000010006000000050017000060080041000230030015000640400040000790800075001192450040001942640051002343000019002855050326003040410008006301000019006388560099006575305020260407155804.0260407a1959 arg spa dAR-UNSa-BCEJYS aAR-UNSa-BCEJYSbspacAR-UNSa-BCEJYS a330.834xKeynes y el keynesianismo. Neokeynesianismo. Poskeynesianismo10aEnsayos de economía poskeynesiana 1aMéxico :bFondo de Cultura Económicac1959 a355 p.c21 cm. a1. Ensayos sobre la teoría de la desocupación - 2. La tasa de interés - 3. Notas sobre la economía del progreso técnico - 3. La generalización de la "teoría general" - 4. Reconocimientos y desconocimientos - 5. La teoría del valor trabajo - 6. Marx, Marshall y Keynes: tres criterios sobre el capitalismo. aspa1 aRobinson, Joan41uhttps://www.biblioeco.unsa.edu.ar/pmb/images/libros/L128298.jpgyImagen de portadaqimage/jpeg